000 00627nam a2200229Ia 4500
005 20250508164107.0
008 008 250505s9999 xx 000 0 eng d
020 _a0-415-31760-6
037 _aReference
040 _aFEDL
_beng
_cFEDL
041 _aeng
_2eng
084 _a302, BUR
_qFEDL
100 _aBurr Vivien
_916831
245 0 _aSocial constructionism
250 _a2
260 _aLondon, UK
_bRoutledge
_c2003
300 _a229p.
365 _aGBP
_b14.99
650 _aSocial psypchology; Cultural relativism; Sociallproblems
_9777294
942 _cREF
_h302, BUR
999 _c1387015
_d1387015